| 000 | 00660nam a22002057a 4500 | ||
|---|---|---|---|
| 005 | 20251108173334.0 | ||
| 008 | 250721s1996 xx 000 0 ara d | ||
| 082 | 1 | 4 | _aط/ق |
| 100 | 1 | _aالبجيرمي، سامي | |
| 245 | 1 | 0 | _aالبجعات الست / |
| 264 | 1 |
_aالقاهرة : _bالدار العربية للكتاب، _c1996. |
|
| 300 | _a15 ص. : مص. | ||
| 490 | 0 |
_aمن أساطير و حكايات الشعوب : ألمانيا _v2 |
|
| 650 | 1 | 7 | _aالقصص الخرافية |
| 650 | 1 | 7 | _aألمانيا |
| 653 | _aناشئون صغار (10-14 سنة) | ||
| 700 | 1 |
_aقطب، محمد _eCart. |
|
| 942 |
_2ddc _cBK |
||
| 999 |
_c101604 _d101604 |
||